000 00437nam a2200181Ia 4500
001 1887
005 20260306143801.0
008 260306t2009||||xx |||||||||||||| ||spa||
041 _aESP
082 _a158.1
_bC32
100 _aCasado Lumbreras, Cristina
_eAUT
245 0 _aEntrenamieto emocional en el trabajo
260 _c2009
300 _a121 páginas :
_c24 cm.
650 _aGEN
654 _aCPS
942 _cLIB
_dJUS
_fJUS
_2ddc
_n
999 _c1887
_d1887